000
00356nam a2200157Ia 4500
003
OSt
005
20240104112602.0
008
170524s9999 xx 000 0 und d
020
_a
9780070601857
040
_c
IIMTU
100
_a
Kraus & Marhefk
245
0
_a
Antennas for All Applications
260
_b
TMH New Delhi
260
_c
2007
942
_2
ddc
_c
02
999
_c
4931
_d
4931